00159nam a2200061Ia 4500008004100000100002100041245003500062120527s9999 xx 000 0 und d aMiller, L. Roger aEconomics: Today and Tommorrow